Statistics for Brawl Stars Character Part 1(REWORK)

Click here to take the quiz!

General Stats

  • This quiz has been taken 1,123 times
    (69 since last reset)
  • The average score is 14 of 22

Answer Stats

What the Character SaysAnswer% Correct
InvisibiltyLeon
93%
Feel the power of musicPoco
90%
Fly, like an eagleBo
84%
Does not talkSpike
84%
So tiredSandy
81%
FantásticoShelly
81%
VámonosEl Primo
79%
Get OUT of my SHOP!!!Griff
79%
YOLO!Edgar
76%
I just wanna be friends!Colette
72%
You wanna brawlBull
71%
Brawn and BeautyColt
71%
Where will I put my friendJessie
64%
Hey, you clipped meCrow
60%
MwahahaNita
57%
Spin-pin-pin to win, ba-ba-ba-baby!Stu
55%
Ready for another?Barley
52%
Have no fear(name) is here!Mortis
47%
Don't ruffle my fur.Colonel Ruffs
43%
Not groovyJanet
26%
Hahaha, It's time for some action!Fang
24%
Violation!Meg
10%

Score Distribution

Percentile by Number Answered

Percent of People with Each Score

Your Score History

You have not taken this quiz since the last reset